[Event "Pardubice Czech op-J 28th"]
[Site "Pardubice"]
[Date "2017.07.16"]
[Round "3"]
[White "Zakharov, Valentin"]
[Black "Drozdov, Vladimir E"]
[Result "1-0"]
[WhiteElo "2334"]
[BlackElo "1915"]
[PlyCount "73"]
[EventDate "2017.07.14"]
[EventType "swiss"]
[EventRounds "7"]
[EventCountry "CZE"]
[SourceTitle "EXT 2018"]
[Source "ChessBase"]
[SourceDate "2017.10.13"]
[SourceVersion "1"]
[SourceVersionDate "2017.10.13"]
[SourceQuality "1"]

1. e4 Nf6 2. d3 e5 3. Nf3 Nc6 4. Be2 d5 5. Nbd2 Be7 6. 0-0 0-0 7. c3 h6 8. h3 Be6 9. b4 a6 10. a3 Nd7 11. exd5 Bxd5 12. c4 Be6 13. Bb2 Bf5 14. Re1 Re8 15. Bf1 Bf8 16. Ne4 Bg6 17. Qd2 f6 18. Rad1 Qe7 19. Nh4 Bh7 20. Ng3 Qf7 21. Qe3 Rad8 22. Be2 Kh8 23. Nhf5 Ne7 24. Nxe7 Bxe7 25. Qa7 Rb8 26. Bg4 Nf8 27. d4 Qxc4 28. dxe5 fxe5 29. Bxe5 Bd6 30. Bxd6 cxd6 31. Rxe8 Rxe8 32. Qxb7 d5 33. Nh5 Qc3 34. Qf7 Rd8 35. Rxd5 Rxd5 36. Qxf8+ Bg8 37. Be6 1-0

[Event "Pardubice Czech op-J 28th"]
[Site "Pardubice"]
[Date "2017.07.14"]
[Round "1"]
[White "Zakharov, Valentin"]
[Black "Sergazin, Ansar"]
[Result "1-0"]
[WhiteElo "2334"]
[BlackElo "1593"]
[PlyCount "93"]
[EventDate "2017.07.14"]
[EventType "swiss"]
[EventRounds "7"]
[EventCountry "CZE"]
[SourceTitle "EXT 2018"]
[Source "ChessBase"]
[SourceDate "2017.10.13"]
[SourceVersion "1"]
[SourceVersionDate "2017.10.13"]
[SourceQuality "1"]

1. e4 c5 2. Nf3 d6 3. d4 cxd4 4. Nxd4 Nf6 5. Nc3 g6 6. g3 Bg7 7. Bg2 0-0 8. 0-0 Nc6 9. Nb3 Be6 10. Bg5 h6 11. Bf4 Qb6 12. Re1 Ng4 13. Qe2 Nd4 14. Qd2 Nxb3 15. axb3 g5 16. Be3 Nxe3 17. Rxe3 Rac8 18. Ra4 Qc5 19. Bf1 g4 20. Bc4 Bf6 21. Rd3 Bg5 22. Qe2 Bd7 23. Rd5 Qb6 24. Raa5 e5 25. Ra1 Rc5 26. Qd1 Rc6 27. Rb5 Qc7 28. Rxa7 Rb8 29. Nd5 Qc8 30. Qd3 Rxc4 31. bxc4 Bxb5 32. cxb5 Qc5 33. b6 Bd8 34. b4 Qc6 35. Qe2 h5 36. Ra3 Kf8 37. Rc3 Qd7 38. Qd2 Kg7 39. Ne3 Bg5 40. Qxd6 Qxd6 41. Nf5+ Kg6 42. Nxd6 Be7 43. Rd3 Bd8 44. Nc4 f6 45. Rd6 Kg5 46. Na5 Be7 47. Rd7 1-0